|
|
|
|
| LEADER |
00976nam a22002772a 4500 |
| 001 |
001931387 |
| 003 |
CZ BrMZK |
| 005 |
20250404094637.0 |
| 007 |
ta |
| 008 |
250404s2008 xr a er|||||||||||cze d |
| 020 |
|
|
|q (brož.) :
|c 200.00 Kč
|
| 040 |
|
|
|a OSG002
|b cze
|
| 080 |
|
|
|a 331.556.4(100)
|
| 100 |
1 |
|
|a Kadlec, Tomáš,
|d 1980-
|7 ola2004192482
|4 aut
|
| 245 |
1 |
0 |
|a Práce v zahraničí II. :
|b [Velká Británie, Irsko, Španělsko, Kanada, USA, Německo, Itálie a další] /
|c Tomáš Kadlec
|
| 250 |
|
|
|a 2. vyd.
|
| 260 |
|
|
|a [Česko] :
|b S.n.,
|c c2008
|
| 300 |
|
|
|a 300, 10 s. :
|b il.
|
| 500 |
|
|
|a Obsahuje fotografie
|
| 504 |
|
|
|a Obsahuje přílohy a rejstřík
|
| 653 |
0 |
|
|a zaměstnání
|a práce v zahraničí
|a pracovní místa
|a pracovní příležitosti
|
| 655 |
|
4 |
|a příručky praktické
|
| 910 |
|
|
|a BOA001
|b 2-1541.495
|
| 990 |
|
|
|a BK
|
| 991 |
|
|
|b 202504
|
| 996 |
6 |
|
|b 2610997458
|c 2-1541.495
|l MZK
|r Sklad / do 1 hodiny
|n 0
|p dar
|w 002001200
|u 000010
|a 1
|e BOA001
|j MZK50
|s P
|